Computers in system building: Conference report Nottingham, January 1968 (Record no. 98218)

MARC details
000 -LEADER
fixed length control field 00600cam a2200205 4500
001 - CONTROL NUMBER
control field D14865
008 - FIXED-LENGTH DATA ELEMENTS--GENERAL INFORMATION
fixed length control field 090401t1968 xxu||||| |||| 00| 0 eng d
035 ## - SYSTEM CONTROL NUMBER
System control number (Sirsi) u94897
041 ## - LANGUAGE CODE
Language code of text/sound track or separate title eng
050 ## - LIBRARY OF CONGRESS CALL NUMBER
Classification number 693.970285
110 ## - MAIN ENTRY--CORPORATE NAME
Corporate name or jurisdiction name as entry element Ministry of Public Building and Works
9 (RLIN) 592
245 ## - TITLE STATEMENT
Title Computers in system building: Conference report Nottingham, January 1968
260 ## - PUBLICATION, DISTRIBUTION, ETC.
Place of publication, distribution, etc. London
Name of publisher, distributor, etc. Ministry of Public Buildings and works
Date of publication, distribution, etc. 1968
300 ## - PHYSICAL DESCRIPTION
Extent Ca. 150p. 30cm
350 ## - PRICE (NR) (BK AM CF MU VM SE) [OBSOLETE]
Price 0
490 ## - SERIES STATEMENT
Series statement R & D Paper
520 ## - SUMMARY, ETC.
Summary, etc. Shelved at Reserve Collection Shelf 323
942 ## - ADDED ENTRY ELEMENTS (KOHA)
Suppress in OPAC 0
948 ## - LOCAL PROCESSING INFORMATION (OCLC); SERIES PART DESIGNATOR (RLIN)
c (OCLC) 04/03/1997
Holdings
Withdrawn status Lost status Source of classification or shelving scheme Damaged status Not for loan Home library Current library Shelving location Date acquired Total Checkouts Full call number Barcode Date last seen Copy number Price effective from Koha item type
    Other/Generic Classification Scheme     London London Basement 27/07/2001   SHELF 323 94897-1001 06/08/2019 1 06/08/2019 Reference material